Statistics for World Capitals By Letter - S

Click here to take the quiz!

General Stats

  • This quiz has been taken 31,957 times
    (28,324 since last reset)
  • The average score is 11 of 18

Answer Stats

CountryCapital City% Correct
SwedenStockholm
87%
ChileSantiago
85%
South KoreaSeoul
72%
Bosnia & HerzegovinaSarajevo
71%
SingaporeSingapore
70%
San MarinoSan Marino
69%
El SalvadorSan Salvador
64%
BulgariaSofia
63%
Costa RicaSan José
59%
Dominican RepublicSanto Domingo
56%
BoliviaSucre
56%
North MacedoniaSkopje
53%
YemenSana'a
52%
FijiSuva
47%
Antigua & BarbudaSaint John's
43%
GrenadaSaint George's
42%
Sao Tome & PrincipeSao Tome
41%
Sri LankaSri
Jayawardenepura
Kotte
34%

Score Distribution

Percentile by Number Answered

Percent of People with Each Score

Your Score History

You have not taken this quiz since the last reset